000 00922cac a22002531u 4500
090 _c4554
008 081105t1994 xxu||||| |||| 00| 0 eng d
010 _a93002269
020 _a0471584096 (cloth)
022 _a0471305618
082 0 0 _a150
_bH8895
100 _aHuffman, Karen.
245 1 0 _aPsychology in action /
_cKaren Huffman, Mark Vernoy, Judith Vernoy.
250 _a3rd ed.
260 _aNew York :
_bWiley,
_cc1994.
300 _axxxi, 654, [92] p. :
_bill. (chiefly col.) ;
_c28 cm.
500 _aRev. ed. of: Psychology in action / Karen Huffman ... [et al.]. 2nd ed. c1991.
504 _aIncludes bibliographical references and indexes.
650 0 _aPsychology
_vTextbooks.
700 1 _aVernoy, Mark W.
700 1 _aVernoy, Judith.
942 _cBB
_k150H8895
_2ddc
999 _c4554
_d4554